000 00387nam a2200133 i 4500
001 bg
100 1 _aMATEJSKI, Ryszard
245 0 _aPoświadczalno-teoretyczna ocena przydatności półek z konfuzorawa perforacją do procesu odpylania /
_cRyszard Matejski.
260 _aKraków,
_c1975.
040 _cBPK
041 _apol
942 _cKS
008 s pl f |000 0 pol
999 _c16682
_d16682
856 _uhttp://koha.tu.koszalin.pl/cgi-bin/koha/opac-detail.pl?biblionumber=16682
_yKatalog online BPK